Doing business in Shaanxi province of China.
| Format: | Book |
|---|---|
| Published: |
Shaan xi:
Ministry of Commerce of the People's Republic of China,
2006.
|
| Subjects: |
| LEADER | 00541cam a2200157 7i4500 | ||
|---|---|---|---|
| 001 | 0000019822 | ||
| 005 | 20071002090000.0 | ||
| 090 | 0 | 0 | |a CHIN 338.7 |b DOI |
| 245 | 0 | 0 | |a Doing business in Shaanxi province of China. |
| 260 | 0 | 0 | |a Shaan xi: |b Ministry of Commerce of the People's Republic of China, |c 2006. |
| 300 | # | # | |a 69 p. |
| 650 | 0 | 0 | |a Doing business -- |z Shaanxi, China |
| 650 | 0 | 0 | |a Business -- |z Shaanxi, China |
| 650 | 0 | 0 | |a Investments -- |z Shaanxi, China |
| 651 | 0 | 0 | |a Republic of China |
| 999 | |a 0000019827 |b Book |c Countries |e Business Information Centre | ||